000 00590nam a2200229Ia 4500
005 20250425162426.0
008 250425s9999 xx 000 0 und d
020 _a8484761762
041 _aspa
082 _a664
100 _aRICHARD COLES, DEREK MCDOWELL, MARK J. KIRWAN
245 0 _aMANUAL DEL ENVASADO DE ALIMENTOS Y BEBIDAS
250 _a1A ED.
260 _aEspaƱa
_bMUNDI-PRENSA
_c2004
260 _aMADRID
300 _a311
650 _aALIMENTOS EN CONSERVA
650 _aCONSERVACION DE ALIMENTOS
650 _aMICROORGANISMOS
942 _c01
010 _a72742
999 _c228965
_d228965